<?xml version="1.0" encoding="UTF-8"?>
<record
    xmlns:xsi="http://www.w3.org/2001/XMLSchema-instance"
    xsi:schemaLocation="http://www.loc.gov/MARC21/slim http://www.loc.gov/standards/marcxml/schema/MARC21slim.xsd"
    xmlns="http://www.loc.gov/MARC21/slim">

  <leader>00884nab a2200265 uc4500</leader>
  <controlfield tag="001">782817</controlfield>
  <controlfield tag="005">20240201183900.0</controlfield>
  <controlfield tag="008">021028e19981001                    spa  </controlfield>
  <datafield tag="035" ind1=" " ind2=" ">
    <subfield code="a">782817</subfield>
  </datafield>
  <datafield tag="035" ind1=" " ind2=" ">
    <subfield code="a">(OCoLC)819995731</subfield>
  </datafield>
  <datafield tag="040" ind1=" " ind2=" ">
    <subfield code="c">comduadb</subfield>
  </datafield>
  <datafield tag="041" ind1=" " ind2=" ">
    <subfield code="a">spa</subfield>
  </datafield>
  <datafield tag="100" ind1="1" ind2="0">
    <subfield code="a">Villamizar Pinto, Hernando</subfield>
    <subfield code="4">aut</subfield>
    <subfield code="e">aut</subfield>
    <subfield code="9">360833</subfield>
  </datafield>
  <datafield tag="245" ind1="1" ind2="0">
    <subfield code="a">Una Europa nueva y unica en los umbrales del 2000</subfield>
  </datafield>
  <datafield tag="650" ind1=" " ind2=" ">
    <subfield code="a">Integraci&#xF3;n econ&#xF3;mica - Europa</subfield>
    <subfield code="9">88341</subfield>
  </datafield>
  <datafield tag="650" ind1=" " ind2=" ">
    <subfield code="a">Uni&#xF3;n Europea</subfield>
    <subfield code="9">49918</subfield>
  </datafield>
  <datafield tag="650" ind1=" " ind2="7">
    <subfield code="a">Nacionalismo</subfield>
    <subfield code="z">Europa</subfield>
    <subfield code="2">lemb</subfield>
    <subfield code="9">8847</subfield>
  </datafield>
  <datafield tag="650" ind1=" " ind2=" ">
    <subfield code="a">Plan Marshall</subfield>
    <subfield code="9">7969</subfield>
  </datafield>
  <datafield tag="650" ind1=" " ind2=" ">
    <subfield code="a">Cooperacion economica - Europa</subfield>
    <subfield code="9">6501</subfield>
  </datafield>
  <datafield tag="650" ind1=" " ind2=" ">
    <subfield code="a">Tratado de Maastricht</subfield>
    <subfield code="9">40409</subfield>
  </datafield>
  <datafield tag="650" ind1=" " ind2=" ">
    <subfield code="a">Union Economica y Monetaria</subfield>
    <subfield code="9">55317</subfield>
  </datafield>
  <datafield tag="650" ind1=" " ind2=" ">
    <subfield code="a">Euro (Moneda)</subfield>
    <subfield code="9">61379</subfield>
  </datafield>
  <datafield tag="773" ind1="0" ind2=" ">
    <subfield code="t">La Tadeo (Bogot&#xE1;)</subfield>
    <subfield code="g">Vol. 13, No. 59, Oct.-Dic. 1998, p. 32-35</subfield>
    <subfield code="w">115815</subfield>
    <subfield code="x">0120-5250</subfield>
    <subfield code="0">92736</subfield>
  </datafield>
  <datafield tag="942" ind1=" " ind2=" ">
    <subfield code="c">ARIMP</subfield>
  </datafield>
  <datafield tag="999" ind1=" " ind2=" ">
    <subfield code="c">257547</subfield>
    <subfield code="d">257547</subfield>
  </datafield>
</record>
